000 00327 a2200157 4500
001 155291
040 _cEscola São Tomás de Aquino
100 _aGIOVANNI, José Ruy
240 1 0 _aMatemática
_lpor
245 1 0 _aMatemática
300 _a335
362 0 _a2005
440 1 _aFTD
697 _aMATEMÁTICA
942 _cBK
999 _c155291
_d155291